000 00828nam a2200217 a 4500
005 20140310183358.0
008 121114s19uu xx 00 eng d
020 _a9781906884475
050 _aNX 180.S6
_b.K49 2011
245 _aKey issues in the arts and entertainment industry /
_cedited by Ben Walmsley.
260 _aWoodeaton, Oxford :
_bGoodfellow Pub,
_c2011.
300 _ax, 225 p. :
_bill. ;
_c24 cm.
500 _aIncludes bibliographical references and index
520 _aThe only book on contemporary issues which covers the arts and entertainment sectors, from social networking and Twitter, to reality TV and digital rights management.
521 _aMA
650 _aArts and society
650 _aEntertainment events
_xMarketing
650 _aArts
_xFinance
942 _cBK
_2lcc
_kFOR
999 _c22289
_d22289